Derecho monetario (Registro nro. 740)

Detalles MARC
000 -LEADER
fixed length control field 01210 a2200229 4500
001 - CONTROL NUMBER
control field 19626
005 - DATE AND TIME OF LATEST TRANSACTION
control field 20260407155500.0
008 - FIXED-LENGTH DATA ELEMENTS--GENERAL INFORMATION
fixed length control field 260407a1989 arg spa d
003 - CONTROL NUMBER IDENTIFIER
control field AR-UNSa-BCEJYS
040 ## - CATALOGING SOURCE
Original cataloging agency AR-UNSa-BCEJYS
Language of cataloging spa
Transcribing agency AR-UNSa-BCEJYS
080 ## - UNIVERSAL DECIMAL CLASSIFICATION NUMBER
Universal Decimal Classification number 336.74
Common auxiliary subdivision Moneda. Sistema monetario
020 ## - INTERNATIONAL STANDARD BOOK NUMBER
International Standard Book Number 950-9163-97-X
100 1# - MAIN ENTRY--PERSONAL NAME
Personal name Mosset Iturraspe, Jorge
245 10 - TITLE STATEMENT
Title Derecho monetario
264 #1 - PRODUCTION, PUBLICATION, DISTRIBUTION, MANUFACTURE, AND COPYRIGHT NOTICE
Place of production, publication, distribution, manufacture Santa Fe :
Name of producer, publisher, distributor, manufacturer Rubinzal-Culzoni Editores
Date of production, publication, distribution, manufacture, or copyright notice 1989
300 ## - PHYSICAL DESCRIPTION
Extent 493 p.
Dimensions 22 cm.
505 ## - FORMATTED CONTENTS NOTE
Formatted contents note 1. Economía y derecho - 2. La moneda nacional: El Austral; 3. La obligación dineraria; 4. La moneda extranjera; 5. El reajuste de las obligaciones dinerarias; 6. La obligación de intereses; 7. Derecho y economía; 8. El análisis monetario; 9. El pago; 10. Moneda y contrato; 11. La moneda extranjera; 12. Moneda y comercio exterior; 13. Desvalorización de la moneda e ingreso; 14. Desvalorización de la moneda y seguro; 15. Desvalorización de la moneda y responsabilidad; 16. Moneda y garantias
590 ## - LOCAL NOTE (RLIN)
Local note niveau_biblio:m niveau_hierar:0
700 1# - ADDED ENTRY--PERSONAL NAME
Personal name Lorenzetti, Ricardo Luis
856 41 - ELECTRONIC LOCATION AND ACCESS
Uniform Resource Identifier <a href="https://www.biblioeco.unsa.edu.ar/pmb/images/libros/19626.jpg">https://www.biblioeco.unsa.edu.ar/pmb/images/libros/19626.jpg</a>
Link text Imagen de portada
Electronic format type image/jpeg
942 ## - ADDED ENTRY ELEMENTS (KOHA)
Koha item type
Existencias
Withdrawn status Lost status Damaged status Not for loan Home library Current library Shelving location Date acquired Total checkouts Full call number Barcode Date last seen Price effective from Koha item type
        Biblioteca Prof. Eusebio Cleto del Rey Biblioteca Prof. Eusebio Cleto del Rey   07/04/2026   336.74 M913 L119047 07/04/2026 07/04/2026 Libro